China A-Z - Statistiken

Allgemein
  • Dieses Quiz wurde 169 mal gespielt
  • Das Durchschnittsergebnis liegt bei 18 aus 26
Antwortstatistiken
# Hinweis Antwort % Korrekt
P Hauptstadt Peking
96%
A Behandlung der traditionellen chinesischen Medizin mit vielen Nadeln Akupunktur
91%
M Meistgesprochener chinesischer Dialekt Mandarin
91%
R Getreide Reis
91%
Y Gegenstück zu Yin Yang
91%
E Höchster Berg: Mount _______ Everest
89%
G Größte Wüste Gobi
89%
I Nachbarland Indien
88%
O China führte zwei Kriege wegen dieser Droge Opium
85%
S Luxurstextil in China erfunden Seide
85%
V Kaiserlicher Palast: _________ Stadt Verbotene
81%
J Grüner dekorativer Stein Jade
78%
Z Gründer der VR China: Mao ______ Zedong
73%
W Häufigster Familienname Wang
71%
U Turkvolk im Nordwesten Uiguren
66%
K Bekanntester Philosoph Konfuzius
65%
B Alter Name eines südlichen Nachbarlands Burma
64%
X Achtgrößte Stadt Xi’an
60%
T Ort eines Massakers 1989: ________-Platz Tiananmen
56%
L Gründer des Taoismus Laozi
53%
N "Südliche Hauptstadt" Nanking
53%
D Bissgroßes Essen aus Guangdong: ___ Sum Dim
49%
Q Mandschudynastie Qing
48%
H Ethnische Gruppe der 92% der Bevölkerung angehören Han
46%
F Bezeichnung für die VR China im Gegensatz zu Taiwan Festlandchina
31%
C Alter europäischer Name von Guangdong & Guangzhou Canton
24%
Keine übereinstimmenden Quizze gefunden
Verteilung der Resultate
Anzahl Personen mit jedem Resultat
Perzentil nach korrekt beantworteten Fragen
Ihre Resultats-Entwicklung
Sie haben dieses Quiz noch nicht gespielt